000 01441cad a22002175a 4500
001 L143504
008 110527s2008 xxkad f v 000 0 eng d
035 _a(Sirsi) u143504
041 _aeng
100 1 _aCalvert, John
245 0 0 _aService charge study update 2007
_b[electronic resource]
260 _c2008
520 _aAnnual update to the original report into UK office service charges which began in 2003. Reports further increases in service charge costs. Analyses the negative effects of landlords opting to register their buildings for VAT, which raises costs for most financial industry tenants who cannot reclaim VAT. Finds little evidence of changing management practice to comply with the 2006 RICS Code of Practice intended to improve relations between landlord and tenant. Analyses service charge data. Includes information on the estimated of the size and value of the service charge industry, as well as commentary and findings on growth projections.
590 _aKA
650 2 4 _aLOUGHBOROUGH REPORT ON COMMERCIAL PROPERTY SERVICE CHARGES
651 4 _aUnited Kingdom
_y
690 _aPROPERTY-COMMERCIAL PROPERTY-OFFICE PROPERTY-OFFICES
690 _aPROPERTY-COMMERCIAL PROPERTY-COMMERCIAL LANDLORD AND TENANT-COMMERCIAL SERVICE CHARGES
856 4 0 _uhttps://www.property-solutions.co.uk/site_media/uploads/loughborough_report_update_2007.pdf
_zView the update at www.property-solutions.co.uk
942 _n0
999 _c108179
_d108179